Vista normal
Vista MARC
Entrada Encabezamiento personal
Número de registros utilizados en: 1
001 - NÚMERO DE CONTROL
- campo de control: 14055
003 - IDENTIFICADOR DEL NÚMERO DE CONTROL
- campo de control: vecauma
005 - FECHA Y HORA DE LA ÚLTIMA TRANSACCIÓN
- campo de control: 20260526194202.0
008 - DATOS DE LONGITUD FIJA
- campo de control de longitud fija: 260526|| aca||aabn | a|a d
040 ## - FUENTE DE LA CATALOGACIÓN
- Centro catalogador/agencia de origen: vecauma
100 1# - ENCABEZAMIENTO-NOMBRE DE PERSONA
- Nombre de persona: Nembrini, Franco,
- Fechas asociadas al nombre: 1955-
370 ## - LUGAR ASOCIADO
- Lugar de nacimiento: Italia
- País asociado: Italia
372 ## - CAMPO DE ACTIVIDAD
- Campo de actividad: Lengua y literatura Italiana
- Campo de actividad: Historia
373 ## - GRUPO ASOCIADO
- Grupo asociado: La Traccia de Calcinate
- Grupo asociado: Federazione Opere Educative
- Grupo asociado: Consejo Nacional de Enseñanza Católica
374 ## - OCUPACION
- Ocupación: Profesor
375 ## - GENERO
- Género: Masculino
377 ## - IDIOMA ASOCIADO
- Código del idioma: ita
670 ## - FUENTE EN LA QUE SE LOCALIZARON DATOS
- Cita de la fuente: He visto educar, 2017,
- Información localizada: (Franco Nembrini)
